header

A life for a life : (Record no. 255765)

MARC details
000 -LEADER
fixed length control field 01306cam a22003494a 4500
001 - CONTROL NUMBER
control field 13092986
003 - CONTROL NUMBER IDENTIFIER
control field OSt
005 - DATE AND TIME OF LATEST TRANSACTION
control field 20170227110829.0
008 - FIXED-LENGTH DATA ELEMENTS--GENERAL INFORMATION
fixed length control field 030214s2004 cau b 000 0aeng
010 ## - LIBRARY OF CONGRESS CONTROL NUMBER
LC control number 2003043188
020 ## - INTERNATIONAL STANDARD BOOK NUMBER
International Standard Book Number 1931719373
035 ## - SYSTEM CONTROL NUMBER
System control number (OCoLC)ocm51728767
040 ## - CATALOGING SOURCE
Original cataloging agency DLC
Transcribing agency DLC
Modifying agency BAKER
-- C#P
-- DLC
042 ## - AUTHENTICATION CODE
Authentication code pcc
043 ## - GEOGRAPHIC AREA CODE
Geographic area code n-us-pa
050 00 - LIBRARY OF CONGRESS CALL NUMBER
Classification number HV9468.P35
Item number P38 2004
082 00 - DEWEY DECIMAL CLASSIFICATION NUMBER
Classification number 365/.44/092
-- B
Edition number 21
100 1# - MAIN ENTRY--PERSONAL NAME
Personal name Paluch, James A.,
Dates associated with a name 1971-
245 12 - TITLE STATEMENT
Title A life for a life :
Remainder of title life imprisonment : America's other death penalty /
Statement of responsibility, etc James A. Paluch, Jr. ; edited by Thomas J. Bernard, Robert Johnson.
260 ## - PUBLICATION, DISTRIBUTION, ETC. (IMPRINT)
Place of publication, distribution, etc Los Angeles, Calif. :
Name of publisher, distributor, etc Roxbury Pub.,
Date of publication, distribution, etc c2004.
300 ## - PHYSICAL DESCRIPTION
Extent xxiii, 239 p. ;
Dimensions 23 cm.
504 ## - BIBLIOGRAPHY, ETC. NOTE
Bibliography, etc Includes bibliographical references (p. 237-239).
600 10 - SUBJECT ADDED ENTRY--PERSONAL NAME
Personal name Paluch, James A.,
Dates associated with a name 1971-
650 #0 - SUBJECT ADDED ENTRY--TOPICAL TERM
Topical term or geographic name as entry element Prisoners
Geographic subdivision Pennsylvania
Form subdivision Biography.
Topical term or geographic name as entry element Prisoners
Geographic subdivision Pennsylvania
General subdivision Social conditions.
700 1# - ADDED ENTRY--PERSONAL NAME
Personal name Bernard, Thomas J.
Personal name Johnson, Robert,
Dates associated with a name 1948-
856 41 - ELECTRONIC LOCATION AND ACCESS
Materials specified Table of contents
Uniform Resource Identifier <a href="http://www.loc.gov/catdir/toc/fy0607/2003043188.html">http://www.loc.gov/catdir/toc/fy0607/2003043188.html</a>
906 ## - LOCAL DATA ELEMENT F, LDF (RLIN)
a 7
b cbc
c orignew
d 1
e ocip
f 20
g y-gencatlg
942 ## - ADDED ENTRY ELEMENTS (KOHA)
Source of classification or shelving scheme Library of Congress Classification
Koha item type Long Loan Books
Holdings
Withdrawn status Lost status Source of classification or shelving scheme Damaged status Not for loan Collection code Home library Current library Shelving location Date acquired Total Checkouts Full call number Barcode Date last seen Price effective from Koha item type
    Library of Congress Classification     Non-fiction Rongo University Library Rongo University Library General Stacks 27/02/2017   HV9468.P35 P38 2004 201618162 27/02/2017 27/02/2017 Long Loan Books

© 2026 Rongo University
Contact us: librarian | system librarian | Rongo university